=LDR 00000nam 2200000 4500 =001 INLIS000000000040919 =005 20130612150455 =008 ***********************************ind** =035 ##$$0010-061300000040919 =041 ##$$a ind =082 ##$$a 650.13 =090 ##$$a 650.13, Cap d =100 ##$$a Capodagli, Bill =245 ##$$a The Disney way, Memanfaatkan rahasia manajemen disney di perusahaan anda/ Bll Capodagli dan Lynn Jackson; alih bahasa, Gina Gania =260 ##$$a 2005 $b Jakarta =300 ##$$a xiv, 239 hlm., ilus., 23 cm =650 ##$$a Bisnis - Sukses =700 ##$$a Jackson, Lynn =850 ##$$a NBPNMAT =990 ##$$a 92499249 =990 ##$$a 01201709249 =990 ##$$a 01201709249 =990 ##$$a 01201709249